000 00488nam a2200181Ia 4500
003 GCL
008 140319s9999 xx 000 0 ara d
040 _aGCL /
_cGCL
082 0 4 _a929
_bص ص
100 1 _aغائب طعمة فرمان
245 1 0 _aصفحات عن حياتى /
_cغائب طعمة فرمان
700 1 _aصدرالدين عينى
300 _a205 ص
490 _aكتاب
_v0
650 0 4 _aالادب الروسى
650 0 4 _aالادباء
942 _2ddc
_cBK
999 _c40766
_d40766